NBA Players Who Never Had a Losing Season - Statistics

General Stats
  • This quiz has been taken 64 times
  • The average score is 8 of 22
Answer Stats
Yrs. Pct. Status Known Team Player % Correct
10 64.8% Active OKC, HOU James Harden
86%
13 73.6% Retired BOS Larry Bird
79%
19 71.9% Retired SAS Tim Duncan
78%
19 63.4% Retired UTA John Stockton
76%
19 68.8% Retired UTA,LAL Karl Malone
74%
13 74.0% Retired LAL Magic Johnson
69%
13 71.7% Retired BOS Bill Russell
62%
16 72.1% Retired SAS Manu Ginobili
59%
13 69.4% Retired BOS Kevin McHale
52%
11 67.3% Retired PHI Julius Erving
50%
10 72.1% Active CLE,SAS,TOR,LAL Danny Green
45%
14 65.0% Retired IND,PHO,POR,MIA,CLE James Jones
26%
12 71.8% Retired BOS Sam Jones
26%
17 63.4% Retired CHI,ORL,SEA,LAL Horace Grant
24%
12 72.9% Retired LAL Michael Cooper
16%
10 69.2% Active POR, SAS Patty Mills
10%
11 62.8% Retired UTA,SAC Greg Ostertag
5%
11 63.4% Retired MIL,ATL Sidney Moncrief
3%
10 60.1% Retired POR,MEM,SAC,HOU,NOH Bonzi Wells
2%
11 63.0% Retired PHI,GSW,POR,HOU,SAS,PHO Mario Elie
2%
10 57.4% Retired CHI,PHI,FWP,BOS Andy Phillip
0%
10 58.2% Retired ATL,CLE John Battle
0%
No matching quizzes found
Score Distribution
Percent of People with Each Score
Percentile by Number Answered
Your Score History
You have not taken this quiz